000 00425nam a2200169Ia 4500
001 11137
005 20260306161924.0
008 260306t9999||||xx |||||||||||||| ||spa||
041 _aESP
082 _a985.009
_bU61
100 _aPontificia Universidad Católica del Perú
_eAUT
245 0 _aHomenaje a Félix Denegri Luna
300 _a830 páginas :
_c
650 _aGEN
654 _aCHU
942 _cLIB
_dJUS
_fJUS
_2ddc
_n
999 _c11137
_d11137